<?xml version="1.0" encoding="UTF-8"?>
<marc:record xmlns:marc="http://www.loc.gov/MARC21/slim">
   <marc:leader>00000nam a2200000 a 4500</marc:leader>
   <marc:datafield ind1="1" ind2=" " tag="100">
      <marc:subfield code="a">Beleites, Michael</marc:subfield>
      <marc:subfield code="4">aut</marc:subfield>
      <marc:subfield code="e">Verfasser/-in</marc:subfield>
   </marc:datafield>
   <marc:datafield ind1=" " ind2=" " tag="653">
      <marc:subfield code="a">Geschichte 1945-2012</marc:subfield>
   </marc:datafield>
   <marc:datafield ind1=" " ind2=" " tag="653">
      <marc:subfield code="a">Intensivlandwirtschaft</marc:subfield>
   </marc:datafield>
   <marc:datafield ind1=" " ind2=" " tag="653">
      <marc:subfield code="a">Agrarstruktur</marc:subfield>
   </marc:datafield>
   <marc:datafield ind1=" " ind2=" " tag="653">
      <marc:subfield code="a">Agrarpolitik</marc:subfield>
   </marc:datafield>
   <marc:datafield ind1=" " ind2=" " tag="653">
      <marc:subfield code="a">Entwicklung ländlicher Räume</marc:subfield>
   </marc:datafield>
   <marc:datafield ind1=" " ind2=" " tag="653">
      <marc:subfield code="a">Ostdeutschland</marc:subfield>
   </marc:datafield>
   <marc:datafield ind1=" " ind2=" " tag="653">
      <marc:subfield code="a">Softcover / Politikwissenschaft/Politische Wissenschaft</marc:subfield>
   </marc:datafield>
   <marc:datafield ind1=" " ind2=" " tag="653">
      <marc:subfield code="a">Politische Bildung</marc:subfield>
   </marc:datafield>
   <marc:datafield ind1="0" ind2="0" tag="245">
      <marc:subfield code="a">Leitbild Schweiz oder Kasachstan?</marc:subfield>
   </marc:datafield>
   <marc:datafield ind1="0" ind2="0" tag="245">
      <marc:subfield code="b">zur Entwicklung der ländlichen Räume in Sachsen ; eine Denkschrift zur Agrarpolitik</marc:subfield>
   </marc:datafield>
   <marc:datafield ind1="0" ind2="0" tag="245">
      <marc:subfield code="c">von Michael Beleites. [Mit einem Geleitw. von Michael Succow. Hrsg. von Weiterdenken - Heinrich-Böll-Stiftung Sachsen und der AbL - Arbeitsgemeinschaft Bäuerliche Landwirtschaft e.V.</marc:subfield>
   </marc:datafield>
   <marc:datafield ind1=" " ind2="1" tag="264">
      <marc:subfield code="a">Hamm</marc:subfield>
      <marc:subfield code="b">Abl-Bauernblatt-Verl.</marc:subfield>
      <marc:subfield code="c">2012</marc:subfield>
   </marc:datafield>
   <marc:datafield ind1="1" ind2=" " tag="490">
      <marc:subfield code="a">Schriften zu Ökologie</marc:subfield>
   </marc:datafield>
   <marc:datafield ind1="1" ind2=" " tag="520">
      <marc:subfield code="a">Angaben aus der Verlagsmeldung

Leitbild Schweiz oder Kasachstan? : Zur Entwicklung der ländlichen Räume in Sachsen - Eine Denkschrift zur Agrarpolitik / von Michael Beleites

Die Schweiz und Kasachstan stehen für absolut gegensätzliche Agrarstrukturen. In der Schweiz dominieren auch heute klein und mittelbäuerliche Höfe. Das Land ist deswegen nicht rückständig. In Kasachstan hingegen herrschen die aus den sowjetischen Kolchosen und Sowchosen hervorgegangenen Großbetriebe mit Flächenausstattungen von 5.000 bis 40.000 Hektar vor. Die deutsche Agrarstruktur liegt ungefähr in der Mitte zwischen der Schweiz und Kasachstan. Doch dieses Durchschnittsdeutschland existiert nur in der Statistik Auf dem Lande gibt es die deutsche Einheit noch nicht: Im Osten beträgt die durchschnittliche Größe landwirtschaftlicher Betriebe mehr als das Fünffache von jener im Westen. Wegen ihrer Konzentration auf billige Massenprodukte erzielen Großbetriebe subventionsbereinigt eine geringere Nettowertschöpfung je Fläche als kleinere Betriebe.
Michael Beleites verknüpft seine schonungslose Analyse der ostdeutschen Agrarpolitik vor und nach der 89er Revolution mit der Suche nach Visionen für eine zukunftsfähige Landbewirtschaftung. In dem bäuerlichen Erbe Sachsens und Thüringens sieht er eine besondere Chance zur schrittweisen Wiederbelebung sozial und ökologisch verträglicher bäuerlicher Strukturen. Die künftige Agrarpolitik müsse daran gemessen werden, ob sie diese Chance nutze.
</marc:subfield>
   </marc:datafield>
   <marc:datafield ind1=" " ind2=" " tag="020">
      <marc:subfield code="a">9783930413546</marc:subfield>
      <marc:subfield code="9">9783930413546</marc:subfield>
   </marc:datafield>
   <marc:datafield ind1=" " ind2=" " tag="041">
      <marc:subfield code="a">ger</marc:subfield>
   </marc:datafield>
   <marc:datafield ind1=" " ind2=" " tag="300">
      <marc:subfield code="a">100 S.</marc:subfield>
   </marc:datafield>
</marc:record>
